Start with, ends with A-Z (almost!) - Statistics

General Stats
  • This quiz has been taken 21 times
  • The average score is 15 of 24
Answer Stats
Clue Answer (remember start and finish with same letter) % Correct
A Its' capital city is Canberra Australia
100%
X The 'original' photocopying giant Xerox
95%
Z Cartoon expression of sleep Zzz
95%
T Satchmo played this Trumpet
89%
E Mysterious or strange Eerie
84%
H Found at the base of a fireplace, or mantle Hearth
79%
N Common, proper, collective etc Noun
79%
U Aboriginal term, for the rock, formerly known as Aires Rock Uluru
79%
V Short name for a vivarium Viv
79%
Y Massive Beatles hit Yesterday
79%
F A roguish character, in Shakespeares' Henry IV Falstaff
74%
O Five letter prefix, meaning bone Osteo
68%
R A cattle thief Rustler
63%
B Semtex is used in these often Bomb
58%
G A castrated horse Gelding
53%
W If you initially run for office, but pull out before the election, it's called this Withdraw
53%
K A weird/erotic penchant or leaning Kink
47%
P A docket, detailing your salary, deductions etc Payslip
42%
C An Afro-Asiatic language, descended from Egyptian Coptic
37%
L A famous 'Blair', not Tony, was a team captain on 'Give Us A Clue' Lionel
37%
M Unintentional, humorous misuse or distortion of a word or phrase Malapropism
32%
D A Welsh county Dyfed
26%
S The gradient of a hill or incline? Steepness
21%
I Italian motor manufacturer, defunct in 1997 Innocenti
0%
No matching quizzes found
Score Distribution
Percent of People with Each Score
Percentile by Number Answered
Your Score History
You have not taken this quiz